| 000 | 00496cam a2200205ua 4500 | ||
|---|---|---|---|
| 001 | 10195 | ||
| 005 | 20260515114600.0 | ||
| 008 | 171004n ii |||gr||||Z||||||asm | ||
| 020 | _a8173390460 | ||
| 040 | _cMAIN | ||
| 041 | _aasm | ||
| 082 | _a351 | ||
| 100 |
_aGogoi, Purandar, _eAuthor. |
||
| 245 |
_aPublic administration (A) _cBy Purandar Gogoi |
||
| 250 | _a11th rev. ed. | ||
| 260 |
_aDibrugarh: _bBanalata, _c2016. |
||
| 300 | _a452p. | ||
| 653 | _aPublic administration | ||
| 942 | _cBK | ||
| 999 |
_c9183 _d9183 |
||